Úlohy ÚVZI po 8. zasadnutí ÚV KSČ

Bibliographic Details
Main Author: Lomenová, Marta (Author)
Format: Article
Language:Slovak
Subjects:

MARC

LEADER 00000nab a2200000 a 4500
001 vtls000187377
003 SK-MaSNL
005 20260304224821.0
008 220422c1984 xo 0 slo
015 |a SNBRB19rr/mm-uuuuu 
035 |a CL0197490 
040 |a SNKBUCL  |b slo  |c SNKBUCL  |e AACR2 
041 0 |a slo 
044 |a xo  |c SK 
080 |a 026:61(437.6-25)  |2 1981 
080 |a 61(437.6-25)  |2 1981 
100 1 |a Lomenová, Marta  |4 aut  |9 270657 
245 1 0 |a Úlohy ÚVZI po 8. zasadnutí ÚV KSČ  |c Marta Lomenová 
610 7 |a Komunistická strana Československa  |2 snkbucl  |9 32256 
610 2 7 |a Ústav vedeckých zdravotníckych informácií (Bratislava, Slovensko)  |2 snkbucl  |9 170167 
651 7 |a 5100  |2 snkbucl  |9 166206 
655 7 |a články z novín a časopisov  |2 snkbucl  |9 267496 
655 7 |a články z odboru knihovníctvo  |2 snkbucl  |9 166141 
773 0 |t Metodický informátor pre sieť zdravotníckych knižníc a stredísk vedeckých a technických informácií  |g Roč. 19, č. 1 (1984), s. 1-2 
850 |a Slovenská národná knižnica v Martine  |a MTA001 
852 |a SNK  |b KIS3GCP 
958 |a RK 
958 |a ME 
958 |a KL 
992 |a RBX 
999 |c 3174321  |d 3176251